<?xml version="1.0" encoding="UTF-8"?><?xml-stylesheet type="text/xsl" href="static/style.xsl"?><OAI-PMH xmlns="http://www.openarchives.org/OAI/2.0/" xmlns:xsi="http://www.w3.org/2001/XMLSchema-instance" xsi:schemaLocation="http://www.openarchives.org/OAI/2.0/ http://www.openarchives.org/OAI/2.0/OAI-PMH.xsd"><responseDate>2026-04-17T20:44:27Z</responseDate><request verb="GetRecord" identifier="oai:riubu.ubu.es:10259/7278" metadataPrefix="marc">https://riubu.ubu.es/oai/request</request><GetRecord><record><header><identifier>oai:riubu.ubu.es:10259/7278</identifier><datestamp>2023-01-21T01:05:14Z</datestamp><setSpec>com_10259_5088</setSpec><setSpec>com_10259_2728</setSpec><setSpec>col_10259_2764</setSpec></header><metadata><record xmlns="http://www.loc.gov/MARC21/slim" xmlns:doc="http://www.lyncode.com/xoai" xmlns:xsi="http://www.w3.org/2001/XMLSchema-instance" xmlns:dcterms="http://purl.org/dc/terms/" xsi:schemaLocation="http://www.loc.gov/MARC21/slim http://www.loc.gov/standards/marcxml/schema/MARC21slim.xsd">
<leader>00925njm 22002777a 4500</leader>
<datafield tag="042" ind1=" " ind2=" ">
<subfield code="a">dc</subfield>
</datafield>
<datafield tag="720" ind1=" " ind2=" ">
<subfield code="a">Santiago Beato, Clara</subfield>
<subfield code="e">author</subfield>
</datafield>
<datafield tag="260" ind1=" " ind2=" ">
<subfield code="c">2019</subfield>
</datafield>
<datafield tag="520" ind1=" " ind2=" ">
<subfield code="a">En el marco de la celebración del quinto centenario de la primera expedición que dio la vuelta al mundo capitaneada por Fernando de Magallanes y Juan Sebastián Elcano se plantea una actividad a través de la metodología de aprendizaje basado en descubrimiento/problemas (ABP) que permita al alumnado conocer los entresijos de esta hazaña de la navegación española. Esta actividad se ha llevado a cabo con los alumnos y alumnas de 2º ESO del IES Diego de Siloé durante dos sesiones celebradas en el mes de mayo de 2019. De esta manera se creó una página web a la que los alumnos y alumnas tuvieron acceso a través de las tablets del centro y en la que encontraron información y contenido que debieron analizar, discriminar y utilizar críticamente a fin de resolver los retos propuestos en dicha web. El objetivo de esta propuesta es demostrar, a través de un enfoque cualitativo, en qué medida el uso de metodologías activas en consonancia con las TICA pueden favorecer la motivación e interés del alumnado hacia las Ciencias Sociales.</subfield>
</datafield>
<datafield tag="024" ind2=" " ind1="8">
<subfield code="a">http://hdl.handle.net/10259/7278</subfield>
</datafield>
<datafield ind1=" " ind2=" " tag="653">
<subfield code="a">ABP (PBL)</subfield>
</datafield>
<datafield ind1=" " ind2=" " tag="653">
<subfield code="a">Ciencias Sociales</subfield>
</datafield>
<datafield ind1=" " ind2=" " tag="653">
<subfield code="a">Primera vuelta al mundo</subfield>
</datafield>
<datafield ind1=" " ind2=" " tag="653">
<subfield code="a">Microhistoria</subfield>
</datafield>
<datafield ind1=" " ind2=" " tag="653">
<subfield code="a">Tablets</subfield>
</datafield>
<datafield tag="245" ind1="0" ind2="0">
<subfield code="a">La vuelta al mundo en dos días. Un caso de Aprendizaje Basado en Problemas (ABP) en Ciencias Sociales</subfield>
</datafield>
</record></metadata></record></GetRecord></OAI-PMH>